[Event "DEM U10/U10w 2008"]
[Site "Willingen GER"]
[Date "2008.05.17"]
[Round "11"]
[White "Allin, Alexander"]
[Black "Scholz, Robert"]
[Result "1-0"]
[Termination "normal"]
[Board "19"]
[WhiteElo "1156"]
[BlackElo "1295"]
[PlyCount "125"]
[WhiteFideId "12903698"]
[BlackFideId "1270301"]
[EventCountry "GER"]
[EventRounds "11"]
[EventType "swiss"]
[EventDate "2008.05.10"]

1. e4 e5 2. Nf3 Nc6 3. Bc4 Bc5 4. c3 Nf6 5. d3 d6 6. Bb3 Bg4 7. h3 Bh5 8. Nbd2
h6 9. Nf1 a6 10. Qe2 Qd7 11. g4 Bg6 12. Ba4 b5 13. Bb3 Rb8 14. Ng3 a5 15. Be3
b4 16. Ba4 bxc3 17. bxc3 O-O 18. g5 hxg5 19. Nxg5 Ba3 20. Bc1 Bxc1 21. Rxc1 Rb6
22. h4 Rfb8 23. O-O Nh7 24. Nxh7 Bxh7 25. Qf3 Qe6 26. Bb3 Qd7 27. Nh5 Kf8 28.
Qg3 Bg6 29. Qg5 Qd8 30. Qxd8+ Rxd8 31. Ng3 f6 32. h5 Bf7 33. Bxf7 Kxf7 34. Rc2
Ne7 35. d4 Rc6 36. dxe5 dxe5 37. Rb1 Rb6 38. Rcb2 Rdb8 39. Rxb6 Rxb6 40. Rd1
Rd6 41. Rxd6 cxd6 42. Kf1 g6 43. hxg6+ Kxg6 44. Ke2 Kg5 45. Kf3 d5 46. exd5
Nxd5 47. c4 Nc3 48. Ne4+ Nxe4 49. Kxe4 Kg6 50. c5 Kf7 51. Kd5 Ke7 52. f3 Kd7
53. c6+ Kc7 54. Kc5 a4 55. Kd5 a3 56. Kc5 Kd8 57. Kd6 Kc8 58. c7 f5 59. Kxe5
Kxc7 60. Kxf5 Kd8 61. Ke6 Ke8 62. f4 Kf8 63. Kf6 1-0

[Event "DEM U10/U10w 2008"]
[Site "Willingen GER"]
[Date "2008.05.17"]
[Round "11"]
[White "Bardosch, Karl"]
[Black "Reimers, Juri"]
[Result "0-1"]
[Termination "normal"]
[Board "20"]
[WhiteElo "1274"]
[BlackElo "1207"]
[PlyCount "142"]
[WhiteFideId "24696480"]
[BlackFideId "24661511"]
[EventCountry "GER"]
[EventRounds "11"]
[EventType "swiss"]
[EventDate "2008.05.10"]

1. e4 d5 2. exd5 Qxd5 3. Nc3 Qa5 4. d4 Nf6 5. Bd2 c6 6. Nf3 Bg4 7. h3 Bh5 8.
Ne4 Qc7 9. Nxf6+ exf6 10. Be2 Bd6 11. O-O O-O 12. c4 Nd7 13. c5 Bf4 14. Bxf4
Qxf4 15. Qd3 Rad8 16. Rad1 Nxc5 17. Qc3 Ne6 18. Qb3 Qc7 19. Qc2 Bg6 20. Bd3
Bxd3 21. Qxd3 Rd7 22. Qa3 a6 23. Qb3 Rfd8 24. Qc3 Qb6 25. d5 Rxd5 26. Rxd5 Rxd5
27. Re1 Qc5 28. Qb3 Qb5 29. Qe3 h6 30. b3 Qc5 31. Qe2 Qd6 32. Qc2 g6 33. Nh4
Kg7 34. Qe4 Re5 35. Qb1 Rxe1+ 36. Qxe1 Qe5 37. Qb4 Qd4 38. Qxb7 Qxh4 39. Qxc6
Qe4 40. a4 Qb1+ 41. Kh2 Qb2 42. a5 Qe5+ 43. Kh1 Qxa5 44. Qf3 Ng5 45. Qe3 Qa1+
46. Kh2 Qe5+ 47. Qxe5 fxe5 48. f3 Kf6 49. Kg3 Kf5 50. h4 Ne6 51. Kf2 Nf4 52. g3
h5 53. gxf4 Kxf4 54. Kg2 e4 55. fxe4 Kxe4 56. Kg3 Ke3 57. Kg2 f5 58. Kg3 f4+
59. Kg2 Ke2 60. Kh3 f3 61. Kg3 f2 62. Kf4 f1=Q+ 63. Kg5 Qf5+ 64. Kh6 Ke3 65.
Kg7 Ke4 66. Kh6 Ke5 67. Kg7 Ke6 68. Kh7 g5+ 69. Kh6 Kf7 70. Kxh5 g4+ 71. Kh6
Qg6# 0-1

[Event "DEM U10/U10w 2008"]
[Site "Willingen GER"]
[Date "2008.05.17"]
[Round "11"]
[White "Lagunov, Rafael"]
[Black "Hemprich, Iustus"]
[Result "1/2-1/2"]
[Termination "normal"]
[Board "21"]
[WhiteElo "1150"]
[BlackElo "1184"]
[PlyCount "65"]
[WhiteFideId "24652644"]
[EventCountry "GER"]
[EventRounds "11"]
[EventType "swiss"]
[EventDate "2008.05.10"]

1. e4 c5 2. Nf3 Nc6 3. d4 cxd4 4. Nxd4 Nf6 5. Nc3 e5 6. Ndb5 d6 7. Bg5 a6 8.
Na3 b5 9. Bxf6 Qxf6 10. Nd5 Qd8 11. c3 Be7 12. Nc2 Bg5 13. Be2 Be6 14. O-O Ne7
15. Ncb4 O-O 16. Kh1 a5 17. Nc2 Bxd5 18. exd5 Qb6 19. Qd3 Rab8 20. Na3 b4 21.
cxb4 axb4 22. Nb5 Qc5 23. Rad1 Rb7 24. Qc4 Rd8 25. Qxc5 dxc5 26. d6 Nc6 27. Rd5
Nd4 28. Nxd4 exd4 29. Rxc5 Rxd6 30. Rc8+ Rd8 31. Rxd8+ Bxd8 32. Rd1 Rd7 33. Kg1
1/2-1/2

[Event "DEM U10/U10w 2008"]
[Site "Willingen GER"]
[Date "2008.05.17"]
[Round "11"]
[White "Padelt, Aaron"]
[Black "Storch, Domenic"]
[Result "0-1"]
[Termination "normal"]
[Board "22"]
[WhiteElo "1023"]
[BlackElo "1338"]
[PlyCount "100"]
[BlackFideId "16200470"]
[EventCountry "GER"]
[EventRounds "11"]
[EventType "swiss"]
[EventDate "2008.05.10"]

1. d4 d5 2. c4 c6 3. Nc3 Nf6 4. Nf3 Bg4 5. Bg5 e6 6. Ne5 Bh5 7. Qc2 Be7 8. e3
O-O 9. Bd3 Bg6 10. f4 Bxd3 11. Qxd3 Nbd7 12. h3 Rb8 13. O-O Nxe5 14. fxe5 Ne8
15. Bxe7 Qxe7 16. Rf3 Qb4 17. b3 a5 18. Raf1 f5 19. Na4 dxc4 20. Qe2 cxb3 21.
axb3 Qxb3 22. Nc5 Qd5 23. e4 Qxd4+ 24. Qf2 Qxf2+ 25. R1xf2 Rf7 26. Nxe6 Nc7 27.
Ng5 Rff8 28. exf5 b5 29. f6 h6 30. f7+ Kh8 31. Ne4 Ne6 32. Nd6 a4 33. Nf5 Rxf7
34. g4 c5 35. Nd6 Rxf3 36. Rxf3 b4 37. Nf7+ Kg8 38. Nd6 b3 39. Nc4 Nd4 40. Rf2
Rb4 41. Nb2 a3 42. Nd3 b2 43. Nxb4 b1=Q+ 44. Kg2 Qxb4 45. h4 Qb7+ 46. Kh3 Qf3+
47. Rxf3 Nxf3 48. Kg3 a2 49. Kxf3 a1=Q 50. e6 Qf6+ 0-1

[Event "DEM U10/U10w 2008"]
[Site "Willingen GER"]
[Date "2008.05.17"]
[Round "11"]
[White "Brandl, Lea Maria"]
[Black "Dresig, Moritz"]
[Result "0-1"]
[Termination "normal"]
[Board "23"]
[WhiteElo "972"]
[BlackElo "1181"]
[PlyCount "126"]
[WhiteFideId "24693049"]
[BlackFideId "1270307"]
[EventCountry "GER"]
[EventRounds "11"]
[EventType "swiss"]
[EventDate "2008.05.10"]

1. d4 Nf6 2. c4 g6 3. Nc3 Bg7 4. e4 d6 5. f4 O-O 6. Nf3 Nbd7 7. Bd3 Re8 8. e5
dxe5 9. fxe5 Ng4 10. h3 Nh6 11. O-O e6 12. Bg5 f6 13. exf6 Nxf6 14. Ne5 Qxd4+
15. Kh1 Qxe5 16. Bf4 Qc5 17. Bxh6 Nh5 18. Bf4 e5 19. Bh2 Be6 20. Nd5 Bxd5 21.
cxd5 e4 22. Rc1 Qd4 23. Be2 Qxd1 24. Bxd1 e3 25. Be2 Be5 26. Bxe5 Rxe5 27. Kh2
Rc8 28. d6 c6 29. d7 Rd8 30. Bc4+ Kh8 31. g4 e2 32. Rfe1 Nf4 33. Kg3 g5 34. h4
h6 35. hxg5 hxg5 36. Kf2 Rf8 37. Rh1+ Kg7 38. Kg3 Re3+ 39. Kf2 Re7 40. Kg3 Re3+
41. Kf2 Re7 42. Kg3 Rxd7 43. Rce1 Re7 44. Rh2 Re3+ 45. Kf2 Nd5+ 46. Kg2 Rff3
47. Kh1 b5 48. Rhxe2 bxc4 49. Rxe3 Rxe3 50. Rc1 c3 51. bxc3 Rxc3 52. Rf1 Nf4
53. Re1 Nd5 54. Re5 Rh3+ 55. Kg2 Nf4+ 56. Kg1 Rg3+ 57. Kh2 Rxg4 58. Re7+ Kf6
59. Rxa7 Rg2+ 60. Kh1 g4 61. a4 g3 62. Ra6 Rc2 63. Rxc6+ Rxc6 0-1

[Event "DEM U10/U10w 2008"]
[Site "Willingen GER"]
[Date "2008.05.17"]
[Round "11"]
[White "Wenzke, Tim"]
[Black "Koch, Elisabeth"]
[Result "1-0"]
[Termination "normal"]
[Board "24"]
[WhiteElo "1129"]
[BlackElo "1097"]
[PlyCount "93"]
[BlackFideId "24695068"]
[EventCountry "GER"]
[EventRounds "11"]
[EventType "swiss"]
[EventDate "2008.05.10"]

1. e4 e5 2. f4 exf4 3. Nf3 Nc6 4. d4 Nf6 5. Nc3 Bb4 6. e5 Ne4 7. Qd3 Bxc3+ 8.
bxc3 d5 9. c4 Bf5 10. Qb3 dxc4 11. Bxc4 O-O 12. d5 Na5 13. Qb4 Nxc4 14. Qxc4
Re8 15. Bxf4 Kh8 16. Rd1 f6 17. e6 Rc8 18. Nh4 g5 19. Nxf5 gxf4 20. Qxe4 Rg8
21. Rf1 c6 22. d6 Qa5+ 23. Rd2 Qxa2 24. Qd4 Qxe6+ 25. Re2 Qxf5 26. Rxf4 Qa5+
27. c3 Qd8 28. Rfe4 c5 29. Qd5 b6 30. Qe6 a5 31. g3 b5 32. h4 b4 33. c4 Rb8 34.
d7 Rb7 35. Rd2 b3 36. Qe8 b2 37. Rxb2 Rxb2 38. Qxd8 Rxd8 39. Re8+ Rxe8+ 40.
dxe8=Q+ Kg7 41. Qe7+ Kg6 42. Qe4+ Kf7 43. g4 a4 44. Qd5+ Ke7 45. Qxc5+ Kd7 46.
Qd4+ Ke6 47. Qxb2 1-0

[Event "DEM U10/U10w 2008"]
[Site "Willingen GER"]
[Date "2008.05.17"]
[Round "11"]
[White "Hamacher, Emily"]
[Black "Damm, Nils"]
[Result "0-1"]
[Termination "normal"]
[Board "25"]
[WhiteElo "847"]
[BlackElo "1109"]
[PlyCount "72"]
[BlackFideId "24693065"]
[EventCountry "GER"]
[EventRounds "11"]
[EventType "swiss"]
[EventDate "2008.05.10"]

1. e4 e5 2. Nf3 Nc6 3. Bc4 Nf6 4. Nc3 Bc5 5. d3 h6 6. Be3 Bb6 7. Qd2 Nb4 8. d4
Ng4 9. O-O-O Nxe3 10. fxe3 exd4 11. exd4 O-O 12. a3 Nc6 13. d5 Ne7 14. b4 Ng6
15. a4 a5 16. b5 Qe7 17. Nb1 Qxe4 18. Qd3 Qf4+ 19. Nfd2 Ne5 20. Qe2 Be3 21. g3
Qe4 22. Na3 Bxd2+ 23. Rxd2 Qxh1+ 24. Rd1 Qf3 25. Qxe5 Qxa3+ 26. Qb2 Qxb2+ 27.
Kxb2 d6 28. h4 f5 29. Rf1 g5 30. hxg5 hxg5 31. Bd3 b6 32. g4 fxg4 33. Bh7+ Kg7
34. Rxf8 Kxf8 35. Be4 Bd7 36. Bg2 Re8 0-1

[Event "DEM U10/U10w 2008"]
[Site "Willingen GER"]
[Date "2008.05.17"]
[Round "11"]
[White "Weber, Sandra"]
[Black "Weis, Olga"]
[Result "1-0"]
[Termination "normal"]
[Board "27"]
[WhiteElo "1195"]
[BlackElo "1027"]
[PlyCount "99"]
[WhiteFideId "1270049"]
[BlackFideId "1270234"]
[EventCountry "GER"]
[EventRounds "11"]
[EventType "swiss"]
[EventDate "2008.05.10"]

1. e4 e5 2. Nf3 Nc6 3. Bb5 d6 4. d4 exd4 5. Nxd4 Bd7 6. O-O Nxd4 7. Bxd7+ Qxd7
8. Qxd4 c5 9. Qd3 Be7 10. Bf4 Nf6 11. Rd1 Rd8 12. Nc3 a6 13. Nd5 Nxd5 14. Qxd5
O-O 15. e5 dxe5 16. Qxd7 Rxd7 17. Rxd7 Bf6 18. Be3 Rb8 19. Bxc5 Rc8 20. Rad1 h6
21. b4 a5 22. a3 axb4 23. axb4 Rb8 24. Bd6 Rc8 25. Rxb7 Rxc2 26. Be7 Bxe7 27.
Rxe7 Rb2 28. Rb7 f6 29. g3 Kh7 30. Rdd7 Kg6 31. Rxg7+ Kf5 32. b5 Ke6 33. Rge7+
Kd5 34. Rh7 Ke6 35. Rxh6 Kf5 36. Rb6 Ke4 37. Rhxf6 Kd4 38. h4 e4 39. Rbd6+ Ke5
40. Rfe6+ Kf5 41. Kg2 Rxb5 42. h5 Rb8 43. h6 Rh8 44. Rg6 Rh7 45. Rg7 Rh8 46. h7
Ke5 47. Rh6 Kf5 48. Rg8 Rxh7 49. Rxh7 Kf6 50. Rh5 1-0

[Event "DEM U10/U10w 2008"]
[Site "Willingen GER"]
[Date "2008.05.17"]
[Round "11"]
[White "Heinemann, Josefine"]
[Black "von Ehr, Lukas"]
[Result "1/2-1/2"]
[Termination "normal"]
[Board "28"]
[WhiteElo "941"]
[BlackElo "1190"]
[PlyCount "45"]
[WhiteFideId "12900460"]
[EventCountry "GER"]
[EventRounds "11"]
[EventType "swiss"]
[EventDate "2008.05.10"]

1. e4 e5 2. Nf3 Nc6 3. d4 exd4 4. Nxd4 Bc5 5. Nb3 Bb6 6. Nc3 Nf6 7. Bg5 h6 8.
Bh4 g5 9. Bg3 d6 10. Bb5 Bd7 11. O-O Qe7 12. Re1 O-O-O 13. Nd5 Nxd5 14. exd5
Ne5 15. Bxd7+ Rxd7 16. Bxe5 dxe5 17. Qf3 Re8 18. Rad1 e4 19. Qh5 Qf6 20. Rd2
Rde7 21. Qh3+ Kb8 22. Rde2 Qe5 23. c4 1/2-1/2

[Event "DEM U10/U10w 2008"]
[Site "Willingen GER"]
[Date "2008.05.17"]
[Round "11"]
[White "Moses, Selina"]
[Black "Schmekel, Florian"]
[Result "0-1"]
[Termination "normal"]
[Board "29"]
[WhiteElo "954"]
[BlackElo "1182"]
[PlyCount "118"]
[WhiteFideId "12908070"]
[BlackFideId "12913456"]
[EventCountry "GER"]
[EventRounds "11"]
[EventType "swiss"]
[EventDate "2008.05.10"]

1. e4 c5 2. Nf3 d6 3. Bc4 Nf6 4. d3 g6 5. c3 Bg7 6. Nbd2 Nc6 7. O-O O-O 8. Re1
a6 9. Nf1 b5 10. Bb3 a5 11. Ng3 b4 12. d4 cxd4 13. cxd4 Bg4 14. h3 Bxf3 15.
Qxf3 Nxd4 16. Qd1 Nxb3 17. axb3 Qd7 18. Bg5 e5 19. Qd2 Qe6 20. Red1 Rfd8 21.
Qd3 h6 22. Bxf6 Bxf6 23. Qe3 Bg5 24. Qd3 Bf4 25. Ne2 Qf6 26. Qd5 Qe6 27. Rxa5
Rxa5 28. Qxa5 Rb8 29. Qc7 Rc8 30. Qxd6 Qxb3 31. Nxf4 exf4 32. Qxf4 Qxd1+ 33.
Kh2 Kg7 34. Qe5+ Kg8 35. Qf4 Qe2 36. e5 Re8 37. Qxb4 Qxe5+ 38. Kg1 Qe1+ 39.
Qxe1 Rxe1+ 40. Kh2 Rb1 41. b4 Rxb4 42. Kg1 f5 43. g4 fxg4 44. hxg4 Rxg4+ 45.
Kh2 h5 46. Kh3 Rf4 47. Kg3 Rxf2 48. Kxf2 Kf7 49. Kg3 Kf6 50. Kf4 g5+ 51. Kf3
Kf5 52. Kg3 g4 53. Kg2 Kf4 54. Kh2 Kf3 55. Kh1 Kf2 56. Kh2 g3+ 57. Kh1 g2+ 58.
Kh2 g1=Q+ 59. Kh3 Qg3# 0-1

[Event "DEM U10/U10w 2008"]
[Site "Willingen GER"]
[Date "2008.05.17"]
[Round "11"]
[White "Janke, Hendrik"]
[Black "Titgemeyer, Eva Maria"]
[Result "1/2-1/2"]
[Termination "normal"]
[Board "30"]
[WhiteElo "999"]
[BlackElo "1180"]
[PlyCount "43"]
[WhiteFideId "12921831"]
[BlackFideId "24655350"]
[EventCountry "GER"]
[EventRounds "11"]
[EventType "swiss"]
[EventDate "2008.05.10"]

1. e4 e5 2. Nf3 Nc6 3. Bc4 Bc5 4. Nc3 Nf6 5. d3 d6 6. h3 Be6 7. Bb3 Qd7 8. Be3
Bb6 9. Qe2 O-O-O 10. Bxb6 cxb6 11. O-O-O Rhe8 12. Kb1 d5 13. exd5 Bxd5 14. Bxd5
Nxd5 15. Nxd5 Qxd5 16. Rhg1 f6 17. Nd2 Kb8 18. a3 b5 19. Qg4 g5 20. Ne4 Rf8 21.
Qf5 Qf7 22. c3 1/2-1/2

[Event "DEM U10/U10w 2008"]
[Site "Willingen GER"]
[Date "2008.05.17"]
[Round "11"]
[White "Gheng, Christian"]
[Black "Schwarz, Larissa"]
[Result "0-1"]
[Termination "normal"]
[Board "31"]
[WhiteElo "1177"]
[BlackElo "898"]
[PlyCount "136"]
[WhiteFideId "24660345"]
[BlackFideId "24699004"]
[EventCountry "GER"]
[EventRounds "11"]
[EventType "swiss"]
[EventDate "2008.05.10"]

1. e4 c5 2. Nf3 e6 3. d4 cxd4 4. Nxd4 a6 5. Nc3 Qc7 6. Bd3 Nf6 7. O-O b5 8. a3
Bb7 9. Re1 Bd6 10. Bxb5 axb5 11. Ncxb5 Bxh2+ 12. Kh1 Qe5 13. g3 Bxg3 14. fxg3
Qxg3 15. Bf4 Qxf4 16. Qf3 Qxf3+ 17. Nxf3 O-O 18. Nd6 Bc6 19. b4 Ba4 20. c4 Nc6
21. b5 Na5 22. e5 Ne8 23. Nxe8 Rfxe8 24. Nd4 Nxc4 25. Kg2 Rab8 26. Kg3 Bxb5 27.
a4 Ba6 28. Kf4 Rb4 29. Nc2 Nb2+ 30. Nxb4 Bc4 31. Rac1 Bd5 32. Ra1 Rb8 33. Nxd5
Nd3+ 34. Kg4 Nxe1 35. Ne7+ Kf8 36. Rxe1 Kxe7 37. a5 Ra8 38. Ra1 Kd8 39. a6 Kc7
40. Kf4 Kb6 41. a7 Rxa7 42. Rd1 Kc7 43. Kg5 Ra5 44. Kf4 Ra4+ 45. Kg5 h6+ 46.
Kh5 Ra5 47. Re1 d6 48. Re4 Rxe5+ 49. Rxe5 dxe5 50. Kg4 Kc6 51. Kf3 Kd5 52. Ke3
f5 53. Kf3 Kd4 54. Ke2 g5 55. Kd2 e4 56. Ke2 g4 57. Kf2 e3+ 58. Ke2 f4 59. Kd1
g3 60. Kc2 g2 61. Kb3 g1=Q 62. Kb4 Qe1+ 63. Kb5 Qc3 64. Kb6 Qc5+ 65. Kb7 e2 66.
Kb8 e1=R 67. Kb7 Rb1+ 68. Ka8 Qa5# 0-1

[Event "DEM U10/U10w 2008"]
[Site "Willingen GER"]
[Date "2008.05.17"]
[Round "11"]
[White "Petermann, Tessa"]
[Black "Hartge, Gedeon"]
[Result "1-0"]
[Termination "normal"]
[Board "32"]
[WhiteElo "1124"]
[BlackElo "1064"]
[PlyCount "53"]
[WhiteFideId "12929492"]
[BlackFideId "12932116"]
[EventCountry "GER"]
[EventRounds "11"]
[EventType "swiss"]
[EventDate "2008.05.10"]

1. e4 c5 2. Nc3 e6 3. f4 Nc6 4. Nf3 a6 5. g3 d5 6. exd5 exd5 7. Bg2 Nf6 8. O-O
Bd7 9. d3 Be7 10. h3 O-O 11. g4 Qc8 12. g5 Nh5 13. Nxd5 Ng3 14. Re1 Bd6 15. Nb6
Qc7 16. Nxa8 Rxa8 17. Qd2 Qb6 18. Qf2 Nf5 19. Kh1 Ncd4 20. Ne5 Ba4 21. b3 Bb5
22. Bb2 Re8 23. c3 Nc6 24. c4 Bxe5 25. fxe5 Nxe5 26. Bxe5 Bd7 27. h4 1-0

[Event "DEM U10/U10w 2008"]
[Site "Willingen GER"]
[Date "2008.05.17"]
[Round "11"]
[White "Kempe, Anne"]
[Black "Hümmecke, Sarah"]
[Result "1-0"]
[Termination "normal"]
[Board "33"]
[WhiteElo "1103"]
[BlackElo "997"]
[PlyCount "129"]
[WhiteFideId "12918083"]
[EventCountry "GER"]
[EventRounds "11"]
[EventType "swiss"]
[EventDate "2008.05.10"]

1. e4 e5 2. Nf3 Nc6 3. Bc4 Nf6 4. d4 d6 5. dxe5 dxe5 6. Qxd8+ Kxd8 7. Nc3 Be6
8. Bxe6 fxe6 9. O-O Bb4 10. Re1 Ke7 11. Bd2 Rad8 12. a3 Bc5 13. Rad1 Ng4 14.
Bg5+ Nf6 15. b4 Bb6 16. Rd3 Rxd3 17. cxd3 h6 18. Be3 Bxe3 19. fxe3 g5 20. h3 g4
21. hxg4 Nxg4 22. b5 Na5 23. d4 h5 24. d5 h4 25. Ng5 Nc4 26. Nd1 Nxa3 27. dxe6
Nxb5 28. Rf1 Nh6 29. Nf7 Nd6 30. Nxh8 b5 31. Ng6+ Kxe6 32. Nc3 a5 33. Nf8+ Ke7
34. Nd5+ Kd8 35. Ne6+ Kd7 36. Nexc7 b4 37. Ra1 Nb7 38. Kf1 b3 39. Nb5 b2 40.
Rb1 Nc5 41. Rxb2 Nxe4 42. Nbc3 Ng3+ 43. Ke1 Ng4 44. Ra2 Ke6 45. Rxa5 Kf5 46.
e4+ Nxe4 47. Nxe4 Kxe4 48. Ra4+ Kf5 49. Ke2 e4 50. Ne3+ Nxe3 51. Kxe3 Kg4 52.
Rxe4+ Kg3 53. Ke2 Kxg2 54. Rxh4 Kg3 55. Ra4 Kh2 56. Rg4 Kh3 57. Rg8 Kh4 58. Kf2
Kh5 59. Rg1 Kh6 60. Kf3 Kh7 61. Kf4 Kh8 62. Kf5 Kh7 63. Kf6 Kh8 64. Kf7 Kh7 65.
Rh1# 1-0

[Event "DEM U10/U10w 2008"]
[Site "Willingen GER"]
[Date "2008.05.17"]
[Round "11"]
[White "Mann, Jonas"]
[Black "Buttgereit, Vincent"]
[Result "1-0"]
[Termination "normal"]
[Board "34"]
[WhiteElo "1081"]
[BlackElo "928"]
[PlyCount "79"]
[WhiteFideId "12900214"]
[EventCountry "GER"]
[EventRounds "11"]
[EventType "swiss"]
[EventDate "2008.05.10"]

1. e4 e5 2. Nc3 Nf6 3. f4 d6 4. Nf3 Nbd7 5. Bc4 Nc5 6. d3 Bg4 7. O-O Qe7 8. Be3
Ne6 9. Bxe6 fxe6 10. Qd2 Bh5 11. h3 exf4 12. Bxf4 e5 13. Be3 Qd7 14. Nd5 Nxd5
15. exd5 Qb5 16. c4 Qd7 17. Ng5 O-O-O 18. Ne6 Re8 19. Qa5 a6 20. b4 Rxe6 21.
dxe6 Qxe6 22. b5 Be2 23. Rfc1 Bxd3 24. bxa6 bxa6 25. Qxa6+ Kd7 26. Qa4+ Ke7 27.
c5 Kf7 28. cxd6 cxd6 29. Rc7+ Be7 30. Bg5 Re8 31. Qxe8+ Kxe8 32. Rxe7+ Qxe7 33.
Bxe7 Kxe7 34. a4 Kd7 35. a5 Ba6 36. Kf2 d5 37. Ke3 d4+ 38. Ke4 Kd6 39. Rb1 Bb5
40. Rxb5 1-0

[Event "DEM U10/U10w 2008"]
[Site "Willingen GER"]
[Date "2008.05.17"]
[Round "11"]
[White "Truong, Van Trang"]
[Black "Böhm, Jana"]
[Result "0-1"]
[Termination "normal"]
[Board "35"]
[WhiteElo "950"]
[BlackElo "1023"]
[PlyCount "60"]
[BlackFideId "24661589"]
[EventCountry "GER"]
[EventRounds "11"]
[EventType "swiss"]
[EventDate "2008.05.10"]

1. e4 e5 2. Nf3 Nc6 3. Bc4 Bc5 4. c3 Nf6 5. d3 d6 6. O-O Bg4 7. Nbd2 Qd7 8. h3
Bh5 9. Bb3 g5 10. Bc2 g4 11. hxg4 Bxg4 12. b4 Bb6 13. b5 Ne7 14. a4 c6 15. a5
Bc7 16. a6 b6 17. bxc6 Nxc6 18. d4 exd4 19. cxd4 Nxd4 20. Ba4 b5 21. Bc2 d5 22.
e5 Nh5 23. Ra3 Nf4 24. Ra2 Rg8 25. Bxh7 Rg7 26. Bd3 Nh3+ 27. Kh2 Nf4 28. Rh1
O-O-O 29. Bb2 Bxf3 30. Qg1 Rh8+ 0-1

[Event "DEM U10/U10w 2008"]
[Site "Willingen GER"]
[Date "2008.05.17"]
[Round "11"]
[White "Gerken, Frieso"]
[Black "Böhme, Mathis"]
[Result "1-0"]
[Termination "normal"]
[Board "36"]
[WhiteElo "878"]
[BlackElo "1019"]
[PlyCount "53"]
[WhiteFideId "1270505"]
[BlackFideId "12900443"]
[EventCountry "GER"]
[EventRounds "11"]
[EventType "swiss"]
[EventDate "2008.05.10"]

1. e4 d5 2. exd5 Nf6 3. Bb5+ Bd7 4. Be2 Nxd5 5. d4 Nc6 6. Nf3 e6 7. O-O Bd6 8.
a3 O-O 9. c4 Nf6 10. Nc3 e5 11. d5 e4 12. Nd2 Ne5 13. Ndxe4 Nxe4 14. Nxe4 Qh4
15. Nxd6 cxd6 16. b3 Qf6 17. Bb2 Qg6 18. Bh5 Qg5 19. f4 Qh6 20. fxe5 Qe3+ 21.
Kh1 dxe5 22. Re1 Qf2 23. Qe2 Qh4 24. Qxe5 f6 25. Qe7 g6 26. Bxg6 Rad8 27. Bf7+
1-0

[Event "DEM U10/U10w 2008"]
[Site "Willingen GER"]
[Date "2008.05.17"]
[Round "11"]
[White "Marach, Jonas"]
[Black "Baberz, Alexander"]
[Result "0-1"]
[Termination "normal"]
[Board "37"]
[WhiteElo "1000"]
[BlackElo "984"]
[PlyCount "132"]
[WhiteFideId "1270493"]
[BlackFideId "12921734"]
[EventCountry "GER"]
[EventRounds "11"]
[EventType "swiss"]
[EventDate "2008.05.10"]

1. e4 c5 2. d4 cxd4 3. c3 d5 4. cxd4 dxe4 5. Nc3 Nf6 6. Bc4 e6 7. a3 Nc6 8.
Nge2 h6 9. O-O Be7 10. Be3 O-O 11. Ng3 Qc7 12. Ngxe4 Nxe4 13. Nxe4 Rd8 14. Qd2
Nxd4 15. Qc3 b5 16. Bxd4 Qxc4 17. Bxg7 Qxc3 18. Bxc3 Bb7 19. Nf6+ Bxf6 20. Bxf6
Re8 21. a4 bxa4 22. Rxa4 Kh7 23. Rfa1 Rg8 24. f3 a6 25. Rb4 Bd5 26. Rb6 Bxf3
27. Kf2 Bxg2 28. Raxa6 Rxa6 29. Rxa6 Rg6 30. Bc3 Bd5 31. b4 Rg8 32. Ra1 Rg2+
33. Ke3 Rxh2 34. Rg1 Rh3+ 35. Kd2 Rh2+ 36. Kd3 Rg2 37. Rb1 h5 38. b5 h4 39. b6
Bb7 40. Rh1 Rg3+ 41. Ke2 Bxh1 42. Be5 Rg4 43. Kf2 h3 44. Bg3 Rxg3 45. Kxg3 Bg2
46. b7 Bxb7 47. Kxh3 f5 48. Kg3 e5 49. Kf2 f4 50. Ke2 f3+ 51. Kf2 e4 52. Ke3
Kg6 53. Kf2 Kg5 54. Ke3 Kg4 55. Kf2 e3+ 56. Ke1 f2+ 57. Kf1 Ba6+ 58. Kg2 f1=Q+
59. Kh2 Qh3+ 60. Kg1 e2 61. Kf2 e1=Q+ 62. Kxe1 Qg2 63. Kd1 Kf3 64. Kc1 Bd3 65.
Kd1 Qc2+ 66. Ke1 Qe2# 0-1

[Event "DEM U10/U10w 2008"]
[Site "Willingen GER"]
[Date "2008.05.17"]
[Round "11"]
[White "Boes, Julian"]
[Black "Altstadt, Karl-Simon"]
[Result "1/2-1/2"]
[Termination "normal"]
[Board "38"]
[WhiteElo "966"]
[BlackElo "1177"]
[PlyCount "74"]
[WhiteFideId "12907723"]
[BlackFideId "24696676"]
[EventCountry "GER"]
[EventRounds "11"]
[EventType "swiss"]
[EventDate "2008.05.10"]

1. e4 e5 2. Nf3 Nc6 3. Bc4 d6 4. h3 Be7 5. d3 Nf6 6. Nc3 O-O 7. O-O Bd7 8. Be3
Qc8 9. Re1 a6 10. a4 Re8 11. Nd5 Nxd5 12. Bxd5 Rb8 13. Ng5 Bxg5 14. Bxg5 Rf8
15. Bxc6 bxc6 16. b3 Be6 17. Qd2 Qb7 18. Rab1 f6 19. Be3 Bf7 20. d4 Rbd8 21. f3
Rfe8 22. Rbd1 Qb8 23. Qc3 Qb7 24. Rd2 d5 25. Red1 dxe4 26. fxe4 Bh5 27. Re1 Bg6
28. Bf2 c5 29. d5 Qb4 30. Rd3 Qxc3 31. Rxc3 f5 32. exf5 Bxf5 33. Rxc5 Re7 34.
Bg3 Rde8 35. c3 Bc2 36. Bh4 Rd7 37. b4 Bxa4 1/2-1/2

[Event "DEM U10/U10w 2008"]
[Site "Willingen GER"]
[Date "2008.05.17"]
[Round "11"]
[White "Sadjjadi, Anahita"]
[Black "Schnepper, Pauline"]
[Result "0-1"]
[Termination "normal"]
[Board "39"]
[WhiteElo "863"]
[BlackElo "1145"]
[PlyCount "98"]
[BlackFideId "12918040"]
[EventCountry "GER"]
[EventRounds "11"]
[EventType "swiss"]
[EventDate "2008.05.10"]

1. e4 c5 2. Nf3 d6 3. Nc3 Nc6 4. Bb5 Bd7 5. d3 Nf6 6. Bg5 a6 7. Bxc6 Bxc6 8.
O-O e6 9. h3 Be7 10. Qd2 h6 11. Bxf6 Bxf6 12. d4 O-O 13. dxc5 dxc5 14. Rad1
Qxd2 15. Rxd2 Rad8 16. Rfd1 Rxd2 17. Rxd2 Bxc3 18. bxc3 Bxe4 19. Rd7 b5 20. Nd2
Bxc2 21. Ra7 Bd3 22. Rxa6 b4 23. Rd6 Bf5 24. cxb4 cxb4 25. Rb6 Rd8 26. Nb3 Ra8
27. Rxb4 Rxa2 28. Rb8+ Kh7 29. Kh2 Rb2 30. Rb7 Kg6 31. Nc5 Rxb7 32. Nxb7 e5 33.
Kg1 Bd3 34. Nc5 Bc2 35. Kf1 Kf5 36. Ke2 g5 37. g4+ Kf4 38. f3 e4 39. fxe4 Bxe4
40. Nxe4 Kxe4 41. Kf2 f5 42. gxf5 Kxf5 43. Kg3 h5 44. h4 g4 45. Kg2 Kf4 46. Kh2
Kf3 47. Kg1 Kg3 48. Kf1 Kh2 49. Kf2 g3+ 0-1

[Event "DEM U10/U10w 2008"]
[Site "Willingen GER"]
[Date "2008.05.17"]
[Round "11"]
[White "Borrink, Guido"]
[Black "Reksten, Lisa"]
[Result "1-0"]
[Termination "normal"]
[Board "40"]
[WhiteElo "1098"]
[BlackElo "936"]
[PlyCount "59"]
[WhiteFideId "1270502"]
[EventCountry "GER"]
[EventRounds "11"]
[EventType "swiss"]
[EventDate "2008.05.10"]

1. d4 d5 2. c4 c6 3. Nf3 Nf6 4. Nc3 e6 5. Bg5 Nbd7 6. e3 Bb4 7. Bd3 Qa5 8. Bxf6
Nxf6 9. Qb3 Bxc3+ 10. bxc3 O-O 11. O-O dxc4 12. Bxc4 b5 13. Bd3 h6 14. a4 bxa4
15. Rxa4 Qc7 16. Rfa1 Rd8 17. Qa2 Rd7 18. Ne5 Re7 19. Ba6 Bxa6 20. Rxa6 c5 21.
Nc6 Ree8 22. Nxa7 cxd4 23. cxd4 e5 24. Qb2 Rad8 25. dxe5 Rxe5 26. Nc6 Qd7 27.
Nxd8 Rd5 28. Qc2 Ne4 29. f3 Rd2 30. Qxe4 1-0